000 00755nam a22002177a 4500
003 OSt
005 20251118111908.0
008 251118b |||||||| |||| 00| 0 eng d
020 _a978-97193764-8-4.
040 _aDWCL-Admin lib
_cOC
082 _aFil. 640 Eb16c 2010
100 _aEbonite, Romeo S.
245 _a Comprehensive LET reviewer in Technology and livelihood Education (TLE) /
_cRomeo S. Ebonite
260 _aManila :
_bMET Review Center,
_cc2010
300 _a305 p. : ill. ;
_c21 cm.
504 _aIncludes bibliographical references.
650 _a1. Home mangement-Examinations,questions, etc.
650 _a2. Technical education-Examintions questions, etc.
700 _aBarbacena, Cherrypyn B.
942 _2ddc
_cBK - FIL
_kFil.
_n0
999 _c5774
_d5774